000 00728nam a22002177a 4500
005 20240530110921.0
008 220221s1973 ua a g b 000 0 ara d
040 _aEG-CaGPL
_cEG-CaGPL
082 0 4 _221
_a343.011 \
_bم ق
100 0 _aمصطفى كامل منيب
245 1 2 _aقوانين الطوارئ والاوامر العسكرية /
_cمصطفى كامل منيب
250 _aط.1
260 _aالقاهرة :
_bدار الفكر العربى،
_c1973
300 _a108 ص؛
_c24 سم
650 0 7 _aحالة الطوارئ
_2qrmak
650 0 7 _aقانون الطوارئ
650 0 7 _aامن الدولة
_2qrmak
651 _2qrmak
942 _2ddc
_cBK
999 _c66490
_d66490